00492nam a2200181Ia 4500003000400000005001700004008004100021020002900062040001700091082002200108100002000130245005100150250001100201260002800212300001700240650002900257650002400286IIN20240202165325.0231217s9999 xx 000 0 und d cRs.595.00a9789383420698 aIINbEnglish a362.5 bDAS1 aDas, Suryatapa 1 aTextbook of Community NutritioncSuryatapa Das a2nd ed bAcademicaKolkatac2016 aviii, 256 p.1 aCommunity Health Nursing1 aCommunity Nutrition